Реновация жилищного фонда: анализ методов и оценка эффективности инвестиционных проектов; Перспективы развития фундаментальных наук; Т. 5 : Экономика и управление
| Parent link: | Перспективы развития фундаментальных наук=Prospects of Fundamental Sciences Development: сборник научных трудов XIV Международной конференции студентов, аспирантов и молодых ученых, г. Томск, 25-28 апреля 2017 г./ Национальный исследовательский Томский политехнический университет (ТПУ) ; под ред. И. А. Курзиной, Г. А. Вороновой.— , 2017 Т. 5 : Экономика и управление.— 2017.— [С. 82-84] |
|---|---|
| 1. Verfasser: | |
| Weitere Verfasser: | |
| Zusammenfassung: | Заглавие с экрана The article discusses the problem of providing the population of any country affordable and comfortable housing is key in ensuring sustainable economic development. The author has been compiled a statistical analysis of the need for housing renovation in the Tomsk region. The high capital investment projects in this field it seems necessary to look for new sources of funding, as well as pre-assess their effectiveness. |
| Sprache: | Russisch |
| Veröffentlicht: |
2017
|
| Schlagworte: | |
| Online-Zugang: | http://earchive.tpu.ru/handle/11683/44916 |
| Format: | MixedMaterials Elektronisch Buchkapitel |
| KOHA link: | https://koha.lib.tpu.ru/cgi-bin/koha/opac-detail.pl?biblionumber=625171 |
MARC
| LEADER | 00000naa2a2200000 4500 | ||
|---|---|---|---|
| 001 | 625171 | ||
| 005 | 20231101133341.0 | ||
| 035 | |a (RuTPU)RU\TPU\conf\24431 | ||
| 035 | |a RU\TPU\conf\24430 | ||
| 090 | |a 625171 | ||
| 100 | |a 20171207d2017 k y0rusy50 ca | ||
| 101 | 0 | |a rus |d eng | |
| 102 | |a RU | ||
| 105 | |a y z 100zy | ||
| 135 | |a drcn ---uucaa | ||
| 181 | 0 | |a i | |
| 182 | 0 | |a b | |
| 200 | 1 | |a Реновация жилищного фонда: анализ методов и оценка эффективности инвестиционных проектов |d Renovation housing: analysis methods and evaluation of investment projects |f В. В. Кивилёв |g науч. рук. Т. Ю. Овсянникова | |
| 203 | |a Текст |c электронный | ||
| 230 | |a 1 компьютерный файл (pdf; 174 Kb) | ||
| 300 | |a Заглавие с экрана | ||
| 320 | |a [Библиогр.: с. 84 (9 назв.)] | ||
| 330 | |a The article discusses the problem of providing the population of any country affordable and comfortable housing is key in ensuring sustainable economic development. The author has been compiled a statistical analysis of the need for housing renovation in the Tomsk region. The high capital investment projects in this field it seems necessary to look for new sources of funding, as well as pre-assess their effectiveness. | ||
| 461 | 1 | |0 (RuTPU)RU\TPU\conf\21388 |t Перспективы развития фундаментальных наук |l Prospects of Fundamental Sciences Development |o сборник научных трудов XIV Международной конференции студентов, аспирантов и молодых ученых, г. Томск, 25-28 апреля 2017 г. |o в 7 т. |f Национальный исследовательский Томский политехнический университет (ТПУ) ; под ред. И. А. Курзиной, Г. А. Вороновой |d 2017 | |
| 463 | 1 | |0 (RuTPU)RU\TPU\conf\21395 |t Т. 5 : Экономика и управление |v [С. 82-84] |d 2017 | |
| 510 | 1 | |a Renovation housing: analysis methods and evaluation of investment projects |z eng | |
| 610 | 1 | |a электронный ресурс | |
| 610 | 1 | |a жилищный фонд | |
| 610 | 1 | |a реновация | |
| 610 | 1 | |a финансирование | |
| 610 | 1 | |a государственно-частное партнерство | |
| 610 | 1 | |a арендные операции | |
| 610 | 1 | |a контракты | |
| 700 | 1 | |a Кивилёв |b В. В. | |
| 702 | 1 | |a Овсянникова |b Т. Ю. |4 727 | |
| 801 | 2 | |a RU |b 63413507 |c 20171211 |g RCR | |
| 856 | 4 | |u http://earchive.tpu.ru/handle/11683/44916 | |
| 942 | |c BK | ||